|
|
|
|
| LEADER |
00000nab a2200000 a 4500 |
| 001 |
vtls000167475 |
| 003 |
SK-MaSNL |
| 005 |
20260304165709.0 |
| 008 |
250422c1983 xo 0 slo |
| 015 |
|
|
|a SNBRB19rr/mm-uuuuu
|
| 035 |
|
|
|a CL0177586
|
| 035 |
|
|
|a (urnnbn)urn:nbn:sk:snk:ar-006jmz
|
| 035 |
|
|
|a (uuid)17d2f382-5be7-47e5-b3fa-e85179777a38
|
| 035 |
|
|
|a urn:nbn:sk:snk-ab86ak
|
| 040 |
|
|
|a SNKBUCL
|b slo
|c SNKBUCL
|e AACR2
|
| 041 |
0 |
|
|a cze
|
| 044 |
|
|
|a xo
|c SK
|
| 080 |
|
|
|a 624.014.042
|2 1981
|
| 245 |
0 |
0 |
|a Rozvoj metody mezních stavů v oboru kovových stavebních konstrukcí
|c Irena Kárníková, Pavel Marek, Miroš Pirner, Miroslav Škaloud, Milík Tichý
|
| 300 |
|
|
|b Tb. 2. Res. rus., angl., lit. 8 zázn. v češ.
|
| 650 |
0 |
7 |
|a konštrukcie kovové
|2 snkbucl
|9 532100
|
| 655 |
|
7 |
|a články z novín a časopisov
|2 snkbucl
|9 267496
|
| 700 |
1 |
|
|a Kárníková, Irena
|4 aut
|9 948581
|
| 700 |
1 |
|
|a Marek, Pavel,
|d 1932-2016
|4 aut
|9 255950
|
| 700 |
1 |
|
|a Pirner, Miroš,
|d 1928-
|4 aut
|9 183937
|
| 700 |
1 |
|
|a Škaloud, Miroslav,
|d 1930-
|4 aut
|9 218914
|
| 700 |
1 |
|
|a Tichý, Milík,
|d 1929-
|4 aut
|9 123262
|
| 773 |
0 |
|
|t Stavebnícky časopis
|g Roč. 31, č. 10 (1983), s. 753-768
|
| 850 |
|
|
|a Slovenská národná knižnica
|
| 852 |
|
|
|a Slovenská národná knižnica
|
| 958 |
|
|
|a article9
|
| 958 |
|
|
|a OND
|
| 958 |
|
|
|a NB
|
| 958 |
|
|
|a RK
|
| 958 |
|
|
|a CZ
|
| 958 |
|
|
|a EUIPO
|
| 992 |
|
|
|a RBX
|
| 999 |
|
|
|c 2985293
|d 2987223
|